000 00563nam a2200157Ia 4500
008 100122s9999 xx 000 0 und d
082 _b58421
_a645
100 _aजोशी प्र ह
245 _aटाकाऊतून टिकाऊ (क.क्र.8/2 )
260 _bउन्मेष प्रकाशन
_c2000
300 _a216
630 _aटाकाऊतून टिकाऊ (क.क्र.8/2 )
700 _aभावे सरिता
730 _aटाकाऊतून टिकाऊ (क.क्र.8/2 )
942 _cBOOK
999 _c434353
_d434350